Indio Bravo : (Record no. 6907)

MARC details
000 -LEADER
fixed length control field 00766nam a22002297a 4500
003 - CONTROL NUMBER IDENTIFIER
control field OSt
005 - DATE AND TIME OF LATEST TRANSACTION
control field 20251205020223.0
008 - FIXED-LENGTH DATA ELEMENTS--GENERAL INFORMATION
fixed length control field 251205b |||||||| |||| 00| 0 eng d
020 ## - INTERNATIONAL STANDARD BOOK NUMBER
International Standard Book Number 9716300654
040 ## - CATALOGING SOURCE
Original cataloging agency DWCL - Main
Transcribing agency OC
082 ## - DEWEY DECIMAL CLASSIFICATION NUMBER
Classification number Fil. 959.9027 B2123i 1997
100 ## - MAIN ENTRY--PERSONAL NAME
Personal name Bantug, Asuncion Lopez-Rizal
Relator term Author
245 ## - TITLE STATEMENT
Title Indio Bravo :
Remainder of title the story of Jose Rizal /
Statement of responsibility, etc. Asuncion Lopez-Rizal Bantug
260 ## - PUBLICATION, DISTRIBUTION, ETC.
Place of publication, distribution, etc. Manila, Philippines:
Name of publisher, distributor, etc. Tahanan Books,
Date of publication, distribution, etc. c1997
300 ## - PHYSICAL DESCRIPTION
Extent 155 p.:
Other physical details ill.;
Dimensions 26 cm.
504 ## - BIBLIOGRAPHY, ETC. NOTE
Bibliography, etc. note Includes index.
650 ## - SUBJECT ADDED ENTRY--TOPICAL TERM
Topical term or geographic name entry element 1. Heroes-Philippines -- Biography.
650 ## - SUBJECT ADDED ENTRY--TOPICAL TERM
Topical term or geographic name entry element 2. Revolutionaries -- Philippines -- Biography
700 ## - ADDED ENTRY--PERSONAL NAME
Personal name I. Ventura, Sylvia Mendez
Relator term Author
710 ## - ADDED ENTRY--CORPORATE NAME
Corporate name or jurisdiction name as entry element II. BenCab
Relator term Illustrator
942 ## - ADDED ENTRY ELEMENTS (KOHA)
Source of classification or shelving scheme Dewey Decimal Classification
Koha item type Book-Filipiniana
Suppress in OPAC No
952 ## - LOCATION AND ITEM INFORMATION (KOHA)
--
Holdings
Withdrawn status Lost status Source of classification or shelving scheme Damaged status Not for loan Home library Current library Shelving location Date acquired Source of acquisition Cost, normal purchase price Total Checkouts Full call number Barcode Date last seen Copy number Price effective from Koha item type Uniform Resource Identifier
    Dewey Decimal Classification     Junior High School Library Junior High School Library Filipiniana 01/19/2005 Library Fund 250.00   Fil. 959.9027 B2123i 1997 JHS - 12332 12/05/2025 c1 12/05/2025 BK - FIL